000
00290nam a2200109Ia 4500
008
190216s9999||||xx |||||||||||||| ||und||
100
_a
Jain Sp And Narag K L
245
0
_a
Practical Problems In Advanced Accounting
260
_b
Himalaya Publishing House
_c
1984
300
_a
808p
942
_c
BK
999
_c
4409
_d
4409